Pokémon moves usable outside of battle - Statistics

General Stats
  • This quiz has been taken 83 times
  • The average score is 16 of 19
Answer Stats
Description Generation Introduced Move % Correct
Ride on the water. Gen 1 Surf
100%
Remove trees in your path or a 2x2 or 3x3 patch of grass around the player Gen 1 Cut
98%
Ride on a Pokémon to any town, or certain important locations. Lands in front of town's Pokémon center. Gen 1 Fly
98%
Destroy breakable boulders/rocks. Pokémon or items may appear, depending on the generation. Gen 2 Rock Smash
98%
Move heavy boulders around. Gen 1 Strength
98%
Go underwater in certain areas of the water Gen 3 Dive
97%
Allows the player to climb waterfalls. Gen 1 Waterfall
95%
Scale rocky walls Gen 4 Rock Climb
93%
Psychically move to the last Pokémon center visited. Gen 1 Teleport
93%
Remove Fog from the area Gen 4 Defog
90%
Transports player from a cave or certain buildings to the last used Pokémon Center Gen 1 Dig
90%
Illuminate dark caves, or a circle around the player in Gens III-V Gen 1 Flash
90%
Play recorded audio on your DS for a specific Pokémon cry and its' signature attack Gen 4 Chatter
79%
Initiate a wild Pokémon encounter if standing on a tile that will allow it. Gen 2 Sweet Scent
77%
Shake Pokémon out of trees. They may be sleeping depending on which generation it is. Gen 1 Headbutt
75%
Clear out or surf over wild water in the player's path. Gen 2 Whirlpool
74%
Create a secret base. Gen 3 Secret Power
72%
Give another party Pokémon's HP 20% of the users HP. Gen 1 Soft-Boiled
57%
Give another party Pokémon's HP 20% of the users HP. Gen 2 Milk Drink
49%
No matching quizzes found
Score Distribution
Percent of People with Each Score
Percentile by Number Answered
Your Score History
You have not taken this quiz